| 000 | 01428cam a2200133 4500500 | ||
|---|---|---|---|
| 005 | 20260329034153.0 | ||
| 041 | _afre | ||
| 042 | _adc | ||
| 100 | 1 | 0 |
_aDemangeot, Jean _eauthor |
| 245 | 0 | 0 | _aLes milieux "naturels" du globe |
| 260 |
_bArmand Colin,
_c2009. |
||
| 520 | _aAlors qu’aucun livre ne considère les problèmes de l’environnement naturel à la fois dans leur globalité et dans leurs particularités régionales concrètes, la présente 10e édition corrigée de ce manuel d’écogéographie a l’ambition de combler cette lacune. Si la globalité écologique se manifeste bien dans l’écosystème, il y manque souvent les sociétés humaines qui depuis le Néolithique ont adapté la nature à leurs besoins et façonné les paysages. Notre Terre est fortement influencée par près de 8 milliards d’humains : on ne donc peut écrire « naturels » qu’entre guillemets. Pratiquer une écologie réaliste oblige à la régionalisation des « milieux » naturels. C’est pourquoi le géographe intervient en replaçant les écosystèmes dans leur spécificité régionale et dans leur contexte historique autant que physique. Le milieu « naturel » est donc partie intégrante d’une géographie complète et globale, d’autant plus à l’heure du changement climatique. | ||
| 856 | 4 | 1 | _uhttps://shs.cairn.info/les-milieux-naturels-du-globe--9782200355838?lang=fr&redirect-ssocas=7080 |
| 999 |
_c1961410 _d1961410 |
||